[Event "Rouletabosse"]
[Site "http://www.queenalice.com/game.php?id=1069252"]
[Date "2012.6.7"]
[Round "2"]
[White "mitsho"]
[Black "Juan72"]
[Result "0-1"]
[WhiteElo "1746"]
[BlackElo "1732"]

1. d4 d5 2. c4 c6 3. Nf3 e6 4. Nc3 f5 5. Bf4 Nf6 6. e3 Be7 7. Bd3 O-O 8. O-O Na6
9. Qc2 Nb4 10. Qd2 b6 11. Na4 dxc4 12. Bxc4 b5 13. Bxe6+ Bxe6 14. Nc5 Bxc5 15.
dxc5 Qxd2 16. Nxd2 Rad8 17. Nf3 Ne4 18. Ne5 Rc8 19. a3 Nc2 20. Rac1 Bb3 21. Nd7
Rfd8 22. Rfd1 b4 23. Rd3 Bc4 24. Rdd1 b3 25. f3 Nf6 26. Nxf6+ gxf6 27. Rd6 Rxd6
28. cxd6 Bb5 29. e4 fxe4 30. fxe4 Re8 31. d7 Rd8 32. Rd1 c5 0-1

[Event "AUTO-INT-2244"]
[Site "http://www.queenalice.com/game.php?id=1085842"]
[Date "2012.7.23"]
[Round "2"]
[White "Juan72"]
[Black "MacumbaH"]
[Result "1-0"]
[WhiteElo "1760"]
[BlackElo "1839"]

1. d4 d5 2. Nc3 e6 3. f3 Nc6 4. e4 Bb4 5. Ne2 dxe4 6. fxe4 Bxc3+ 7. bxc3 Qh4+ 8.
Ng3 Nf6 9. e5 Ne4 10. Qf3 Nxg3 11. Qxg3 Qe4+ 12. Be2 Qxc2 13. Bd2 g6 14. Qf3 Qb2
15. Rd1 Qxa2 16. O-O Nd8 17. Bg5 Qd5 18. Qf4 Qd7 19. Bxd8 Kxd8 20. Qf6+ 1-0

[Event "AUTO-INT-2244"]
[Site "http://www.queenalice.com/game.php?id=1085843"]
[Date "2012.7.23"]
[Round "2"]
[White "MacumbaH"]
[Black "Juan72"]
[Result "0-1"]
[WhiteElo "1839"]
[BlackElo "1779"]

1. e4 c5 2. Nf3 e6 3. d4 d5 4. dxc5 Bxc5 5. exd5 exd5 6. c4 d4 7. Qe2+ Qe7 8.
Qxe7+ Nxe7 9. Nc3 dxc3 10. b3 Nbc6 11. Bg5 f6 12. Bf4 Bg4 13. Be2 Nb4 14. O-O
Bf5 15. Rfc1 c2 16. a3 Nd3 17. Bxd3 Bxd3 18. b4 Bb6 19. c5 Bd8 20. Nd4 Nd5 21.
Bd6 Bc7 22. Re1+ Kf7 23. Bxc7 Nxc7 24. Rac1 Rhe8 25. h3 Rxe1+ 26. Rxe1 Rd8 27.
Rc1 Rxd4 0-1

[Event "Challenge"]
[Site "http://www.queenalice.com/game.php?id=1093064"]
[Date "2012.8.14"]
[Round "-"]
[White "pj"]
[Black "Juan72"]
[Result "0-1"]
[WhiteElo "1508"]
[BlackElo "1761"]

1. e4 c5 2. a4 e6 3. h4 d5 4. exd5 exd5 5. Ra3 d4 6. c3 Nc6 7. cxd4 cxd4 8. g4
Bxa3 9. bxa3 Nf6 10. g5 Nd5 11. d3 O-O 12. Bg2 Bf5 13. Be4 Re8 14. Ne2 Bxe4 15.
dxe4 Rxe4 16. f3 Re6 17. O-O Ne3 18. Bxe3 Rxe3 19. Rf2 Qd6 20. Nd2 Qc5 21. Nb3
Qxa3 22. Nbxd4 Rd8 23. f4 Nxd4 24. Nxd4 Rd3 25. Rd2 R8xd4 26. Rxd3 Qxd3 27. Qxd3
Rxd3 28. Kf2 Ra3 29. a5 Rxa5 30. Ke3 Rd5 31. Ke4 Rd7 32. Ke5 b5 33. f5 b4 34. g6
hxg6 35. fxg6 fxg6 36. Ke6 Rd4 37. Ke5 Rxh4 38. Kd5 b3 39. Kc6 b2 40. Kb7 b1=Q+
41. Kxa7 Ra4# 0-1

[Event "Challenge"]
[Site "http://www.queenalice.com/game.php?id=1093963"]
[Date "2012.8.17"]
[Round "-"]
[White "yasseryack"]
[Black "Juan72"]
[Result "1-0"]
[WhiteElo "1856"]
[BlackElo "1774"]

1. e4 c5 2. Bc4 e6 3. Nc3 Nc6 4. Nf3 d5 5. Bb5 Qd7 6. d4 a6 7. Ne5 Qd6 8. Ba4 b5
9. Nxb5 axb5 10. Bxb5 Bd7 11. Nxd7 Qxd7 12. exd5 exd5 13. Qe2+ Be7 14. dxc5 h6
15. Bf4 g5 16. Bd6 Ra7 17. O-O Qb7 18. a4 Kd8 19. Rfd1 Nf6 20. Bxe7+ Nxe7 21.
Qe5 Neg8 22. c4 Qe7 23. Qb8# 1-0

[Event "Rouletabosse"]
[Site "http://www.queenalice.com/game.php?id=1100371"]
[Date "2012.9.6"]
[Round "3"]
[White "Juan72"]
[Black "robertson"]
[Result "1-0"]
[WhiteElo "1767"]
[BlackElo "1658"]

1. d4 e6 2. Nf3 f6 3. e4 h6 4. c4 c5 5. d5 e5 6. Nc3 Qa5 7. Bd2 Qb6 8. b3 d6 9.
g3 g5 10. Bg2 Bg4 11. O-O h5 12. Qc1 Qd8 13. h4 Qd7 14. hxg5 Rh7 15. gxf6 Nxf6
16. Ng5 Rh8 17. f3 Bxf3 18. Rxf3 Na6 19. Rxf6 Qg4 20. Qe1 Qd7 21. Bh3 Qg7 22.
Re6+ Be7 23. Nb5 Kd8 24. Nxd6 Rf8 25. Nxb7+ Kc7 26. Rxa6 Bxg5 27. Nxc5 Rfe8 28.
Ne6+ Rxe6 29. Rxe6 Bxd2 30. Qxd2 Qxg3+ 31. Qg2 Qe3+ 32. Qf2 Rg8+ 33. Bg2 Qg5 34.
Kh2 Kb7 35. Rg1 Rc8 36. Bh3 Qd8 37. Rg7+ Rc7 38. Rxc7+ Qxc7 39. d6 Qc6 40. Re7+
Kb8 41. Qxa7# 1-0

[Event "Challenge"]
[Site "http://www.queenalice.com/game.php?id=1103962"]
[Date "2012.9.18"]
[Round "-"]
[White "pj"]
[Black "Juan72"]
[Result "0-1"]
[WhiteElo "1537"]
[BlackElo "1779"]

1. e4 c5 2. a4 d6 3. f4 Nc6 4. c3 f6 5. f5 g6 6. g4 h5 7. gxh5 gxf5 8. d3 fxe4
9. dxe4 e5 10. h4 Bh6 11. Bxh6 Nxh6 12. Rh2 Bg4 13. Be2 Qd7 14. Bxg4 Nxg4 15.
Rd2 O-O-O 16. Rxd6 Qxd6 17. Nd2 Ne3 18. Qe2 Nc2+ 19. Kd1 Nxa1 20. Kc1 c4 21.
Nxc4 Qd7 22. Nd2 Na5 23. b4 N5b3+ 24. Nxb3 Nxb3+ 25. Kb2 Qe6 26. Nf3 Rxh5 27. c4
Rxh4 28. Kxb3 Rh3 29. b5 Qd6 30. a5 Qd3+ 31. Qxd3 Rxd3+ 32. Kb4 Rhxf3 33. a6
bxa6 34. bxa6 Kc7 35. Kb5 Rf1 36. c5 Rc1 37. Kb4 Kc6 0-1

[Event "Challenge"]
[Site "http://www.queenalice.com/game.php?id=1105930"]
[Date "2012.9.24"]
[Round "-"]
[White "rovardo"]
[Black "Juan72"]
[Result "0-1"]
[WhiteElo "1763"]
[BlackElo "1785"]

1. e4 c5 2. Nf3 Nc6 3. d4 cxd4 4. Nxd4 e5 5. Nb5 d6 6. c4 Be7 7. Bd3 a6 8. N5a3
Bd7 9. O-O Nf6 10. Re1 O-O 11. Bg5 Nd4 12. Bxf6 Bxf6 13. Nc2 b5 14. cxb5 axb5
15. Nc3 Bc6 16. Nxd4 exd4 17. Nxb5 Rb8 18. Qc2 Bxb5 19. Bxb5 Rxb5 20. b3 Qd7 21.
a4 Rb7 22. Rab1 Re8 23. Rec1 Rbb8 24. Qc7 Qxc7 25. Rxc7 Rxe4 26. Rbc1 Rd8 27.
Rc8 d3 28. Rxd8+ Bxd8 29. f3 d2 0-1

[Event "Challenge"]
[Site "http://www.queenalice.com/game.php?id=1116524"]
[Date "2012.10.27"]
[Round "-"]
[White "Juan72"]
[Black "pj"]
[Result "1-0"]
[WhiteElo "1800"]
[BlackElo "1475"]

1. e4 e5 2. Nf3 f6 3. c3 g5 4. d4 g4 5. Nh4 h5 6. d5 a5 7. Ng6 Rh7 8. Nxf8 Kxf8
9. g3 c6 10. c4 b5 11. c5 a4 12. d6 Na6 13. Nc3 Nxc5 14. Be3 Qb6 15. b4 Nh6 16.
Bxc5 Qd8 17. Bd3 Rf7 18. Qd2 f5 19. Qxh6+ Ke8 20. Qxh5 fxe4 21. Bxe4 Qf6 22. O-O
Qe6 23. Bg6 Qf6 24. Bxf7+ Qxf7 25. Qxe5+ Kf8 26. Rae1 Kg8 27. Qg5+ Qg7 28. Re8+
Kh7 29. Re7 Qxe7 30. dxe7 Bb7 31. Qxg4 Rg8 32. Qxd7 Bc8 33. Qxc6 Kg7 34. e8=Q
Rxe8 35. Qxe8 Bf5 36. Qe5+ Kg6 37. Rd1 Kg5 38. Ne4+ Kg6 39. Rd6+ Kh5 40. Qxf5#
1-0

[Event "Er retorno ...."]
[Site "http://www.queenalice.com/game.php?id=1119802"]
[Date "2012.11.7"]
[Round "-"]
[White "Demiguel"]
[Black "Juan72"]
[Result "1-0"]
[WhiteElo "2058"]
[BlackElo "1802"]

1. d4 d5 2. c4 dxc4 3. Nf3 Nf6 4. Qa4+ c6 5. Qxc4 Bf5 6. g3 e6 7. Bg2 Nbd7 8.
Nc3 Be7 9. O-O O-O 10. e3 Qc7 11. Qe2 a6 12. e4 Bg6 13. Bf4 Qb6 14. Ne5 Rad8 15.
Nxg6 fxg6 16. Bh3 c5 17. d5 e5 18. Be3 Qa5 19. f4 Bd6 20. Rf3 b5 21. Be6+ Kh8
22. Qc2 Ng4 23. Bxg4 b4 24. Ne2 b3 25. Qxb3 Nf6 26. Be6 Nxe4 27. Raf1 exf4 28.
Nxf4 g5 29. Nd3 Rb8 30. Ne5 Rxf3 31. Rxf3 g6 32. Nf7+ Kg7 33. Qc2 Qe1+ 34. Kg2
Be7 35. b3 Bf6 36. Qxe4 Re8 37. Nd6 Re7 38. Bxg5 Qxe4 39. Bxf6+ Kh6 40. Nxe4 1-0

[Event "Challenge"]
[Site "http://www.queenalice.com/game.php?id=1134814"]
[Date "2012.12.28"]
[Round "-"]
[White "Shizumaru_Hisame"]
[Black "Juan72"]
[Result "0-1"]
[WhiteElo "1886"]
[BlackElo "1803"]

1. d4 d5 2. Bf4 Nc6 3. e3 f6 4. h4 e5 5. dxe5 fxe5 6. Bg3 Nf6 7. Nc3 Qe7 8. Qd2
d4 9. Nce2 Ne4 10. Qd3 Qb4+ 11. Kd1 Qxb2 12. Rc1 Nxg3 13. Nxg3 Qxa2 14. Nf3 g6
15. Qe4 Bg4 16. Qxg4 Ba3 17. exd4 Bxc1 18. Kxc1 Qd5 19. c4 Qa5 20. Qe6+ Ne7 21.
Qxe5 Qxe5 22. Nxe5 Rf8 23. Nd3 O-O-O 24. Ne2 Nc6 25. d5 Na5 26. f4 Nxc4 27. Ne5
Nxe5 28. fxe5 Rxd5 29. h5 g5 30. h6 Rxe5 31. Kd2 b5 32. Nd4 a6 33. Bd3 Rf7 34.
Ra1 Kb7 35. Kc3 Kb6 36. Rh1 g4 37. Be2 c5 38. Rf1 Rxf1 39. Bxf1 cxd4+ 0-1

[Event "Challenge"]
[Site "http://www.queenalice.com/game.php?id=1136543"]
[Date "2013.1.3"]
[Round "-"]
[White "pj"]
[Black "Juan72"]
[Result "0-1"]
[WhiteElo "1527"]
[BlackElo "1797"]

1. e4 c5 2. e5 Nc6 3. f4 d5 4. exd6 exd6 5. g4 Qh4+ 6. Ke2 Bxg4+ 7. Nf3 Bxf3+ 8.
Kxf3 Qh5+ 9. Kg2 Qxd1 10. Bd3 Qg4+ 11. Kf2 Qxf4+ 12. Kg1 O-O-O 13. Nc3 Re8 14.
Ne2 Qf6 15. Ng3 d5 16. Bf5+ Kb8 17. d3 Re1+ 18. Kg2 Rxh1 19. Kxh1 Bd6 20. Bd2
Bxg3 21. Rf1 Bc7 22. c3 Nh6 23. Bh3 Qe5 24. Bf4 Qe2 25. Bg2 d4 26. Kg1 Qxd3 27.
Rf3 Qb1+ 28. Rf1 Qxb2 29. cxd4 Bxf4 30. Rxf4 Nxd4 31. Rf1 Re8 32. h3 Qd2 33. Rf2
Ne2+ 34. Kh2 Qd6+ 35. Kh1 Ng3+ 36. Kg1 Re1+ 37. Bf1 Nxf1 38. Rxf1 Qg3+ 39. Kh1
Rxf1# 0-1

[Event "Challenge"]
[Site "http://www.queenalice.com/game.php?id=1138106"]
[Date "2013.1.7"]
[Round "-"]
[White "Juan72"]
[Black "Shizumaru_Hisame"]
[Result "1/2-1/2"]
[WhiteElo "1822"]
[BlackElo "1784"]

1. d4 c5 2. d5 b5 3. e4 b4 4. c3 a5 5. c4 d6 6. a3 Ra6 7. Nf3 h6 8. Bd3 Nd7 9.
O-O Ne5 10. Nxe5 dxe5 11. Nd2 h5 12. Nf3 h4 13. Nxe5 Bb7 14. Qf3 Rf6 15. Qe3 h3
16. g4 Qd6 17. g5 Qxe5 18. gxf6 Qxf6 19. e5 Qb6 20. Bf5 e6 21. dxe6 fxe6 22.
Bxh3 Qc6 23. f3 Rxh3 24. Kg2 Rh6 25. Qd3 Rh5 26. Qg6+ Kd8 27. Qxh5 Qa4 28. Bg5+
Kc7 29. Qf7+ Kb6 30. Qxg8 Qc2+ 31. Rf2 Qf5 32. Bd8+ Ka6 33. Rd1 bxa3 34. Rd6+
Bxd6 35. exd6 e5 36. bxa3 Qg6+ 37. Kf1 Qb1+ 38. Kg2 Qg6+ 39. Kf1 Qb1+ 40. Ke2
Qc2+ 41. Ke3 Qc3+ 42. Ke2 Qc2+ 43. Kf1 Qb1+ 44. Kg2 Qg6+ 45. Kh3 Bc8+ 46. Kh4
Qh6+ 47. Kg3 Qg6+ 1/2-1/2

[Event "Challenge"]
[Site "http://www.queenalice.com/game.php?id=1147047"]
[Date "2013.1.30"]
[Round "-"]
[White "Shizumaru_Hisame"]
[Black "Juan72"]
[Result "1-0"]
[WhiteElo "1814"]
[BlackElo "1806"]

1. e4 c5 2. e5 f5 3. c3 d5 4. d4 c4 5. b3 b5 6. bxc4 bxc4 7. Bg5 g6 8. h3 h6 9.
Bf4 g5 10. Bc1 e6 11. Qh5+ Kd7 12. Be2 Ne7 13. Bd1 Bb7 14. Nf3 Bg7 15. Na3 a5
16. Nb5 Qe8 17. Qxe8+ Rxe8 18. Nd6 Bc6 19. Nxe8 Kxe8 20. h4 g4 21. Nh2 Na6 22.
Rb1 Nc8 23. f3 g3 24. Nf1 Ne7 25. Nxg3 Bd7 26. Nh5 Bf8 27. Nf6+ Kd8 28. Rh3 Ng6
29. h5 Nh8 30. Rb7 Bc6 31. Rh7 1-0

[Event "Challenge"]
[Site "http://www.queenalice.com/game.php?id=1150442"]
[Date "2013.2.10"]
[Round "-"]
[White "tucuman"]
[Black "Juan72"]
[Result "1-0"]
[WhiteElo "1646"]
[BlackElo "1820"]

1. e4 c5 2. d4 cxd4 3. Qxd4 Nc6 4. Qd1 e5 5. a3 Nf6 6. Bd3 d6 7. h3 Be7 8. Nf3
O-O 9. Nc3 a6 10. Be3 d5 11. exd5 Nxd5 12. Nxd5 Qxd5 13. Bxh7+ 1-0

[Event "Challenge"]
[Site "http://www.queenalice.com/game.php?id=1152093"]
[Date "2013.2.15"]
[Round "-"]
[White "Juan72"]
[Black "tucuman"]
[Result "1/2-1/2"]
[WhiteElo "1801"]
[BlackElo "1612"]

1. d4 c6 2. e4 d5 3. e5 e6 4. Nf3 a6 5. Bd3 h6 6. h4 Ne7 7. g4 Nd7 8. Nc3 Nb6 9.
b3 Bd7 10. Qd2 Qc7 11. a4 O-O-O 12. g5 Nf5 13. a5 Na8 14. Ba3 Bxa3 15. Rxa3 c5
16. Bxf5 exf5 17. Nxd5 Qb8 18. Qc3 Bc6 19. Ne7+ Kd7 20. Nxf5 Qc7 21. Rh3 Bxf3
22. Rxf3 g6 23. Nxh6 Qc6 24. Nxf7 Rhf8 25. e6+ Qxe6+ 26. Qe3 Rxf7 27. Rxf7+ Qxf7
28. Qh3+ Qe6+ 29. Qxe6+ Kxe6 30. dxc5 Rd5 31. b4 Nc7 32. Rd3 Rxd3 33. cxd3 Nd5
34. Ke2 Nxb4 35. Ke3 Kd5 36. d4 Nc2+ 37. Kf4 Nxd4 38. h5 Ne6+ 39. Kg4 gxh5+ 40.
Kxh5 Ke5 41. g6 Ng7+ 42. Kh6 Kf6 43. f4 Nf5+ 44. Kh7 Ng7 45. Kh6 Nf5+ 46. Kh7
Ng7 47. Kh6 Nf5+ 1/2-1/2

[Event "Challenge"]
[Site "http://www.queenalice.com/game.php?id=1152094"]
[Date "2013.2.15"]
[Round "-"]
[White "Clarence"]
[Black "Juan72"]
[Result "1-0"]
[WhiteElo "1858"]
[BlackElo "1815"]

1. d4 d5 2. c4 c6 3. Nf3 Nf6 4. Nc3 e6 5. Bg5 Be7 6. e3 Nbd7 7. cxd5 exd5 8. Bd3
h6 9. Bh4 g5 10. Bg3 b5 11. Qc2 Ba6 12. Ne2 c5 13. Ne5 c4 14. Bf5 Qa5+ 15. Nc3
b4 16. Nc6 Qb5 17. Nxb5 1-0

[Event "Challenge"]
[Site "http://www.queenalice.com/game.php?id=1152095"]
[Date "2013.2.15"]
[Round "-"]
[White "tritabugnol"]
[Black "Juan72"]
[Result "0-1"]
[WhiteElo "1869"]
[BlackElo "1790"]

1. e4 c5 2. Nf3 e6 3. d4 cxd4 4. Nxd4 Nc6 5. Bb5 a6 6. Bxc6 bxc6 7. O-O e5 8.
Nf3 d6 9. c4 Nf6 10. Nc3 Bb7 11. c5 Be7 12. b4 O-O 13. Nh4 dxc5 14. bxc5 Bxc5
15. Bg5 h6 16. Bxf6 Qxf6 17. Nf5 Rfd8 18. Qg4 Bc8 19. Qf3 a5 20. a4 Ba6 21. Rfd1
Bd4 22. Nxd4 exd4 23. Qxf6 gxf6 24. Na2 d3 25. Rac1 Rac8 26. Rc5 Bb7 27. Rb1 d2
28. Nc3 Rd3 0-1

[Event "Rouletabosse"]
[Site "http://www.queenalice.com/game.php?id=1161191"]
[Date "2013.3.15"]
[Round "5"]
[White "Juan72"]
[Black "rrainey22"]
[Result "1-0"]
[WhiteElo "1793"]
[BlackElo "1726"]

1. d4 d5 2. Nf3 c5 3. c3 h6 4. e3 c4 5. Nbd2 f6 6. b3 b5 7. a4 Bd7 8. axb5 Bxb5
9. bxc4 dxc4 10. Bxc4 Bc6 11. Be6 Qd6 12. Bc4 Nd7 13. Ba3 Qc7 14. O-O g5 15. Qb3
Rb8 16. Qa2 Bb5 17. Bf7+ Kd8 18. Rfc1 Rh7 19. Bxg8 Rg7 20. Be6 Nb6 21. c4 Bc6
22. c5 Nd7 23. d5 Bb5 24. d6 Qc6 25. Nd4 Qa6 26. c6 Rc8 27. c7+ Ke8 28. Qb3 exd6
29. Nxb5 Qb6 30. Nc4 Nc5 31. Bxc5 dxc5 32. Bxc8 Rxc7 33. Nxc7+ Qxc7 34. Qa4+ Kf7
35. Bf5 h5 36. Qd7+ Qxd7 37. Bxd7 h4 38. Rxa7 Kg6 39. Rd1 f5 40. Rd5 f4 41. g4
fxg3 42. fxg3 hxg3 43. hxg3 1-0

[Event "Challenge"]
[Site "http://www.queenalice.com/game.php?id=1162106"]
[Date "2013.3.18"]
[Round "-"]
[White "Juan72"]
[Black "Clarence"]
[Result "0-1"]
[WhiteElo "1814"]
[BlackElo "1911"]

1. e4 e5 2. Nf3 Nc6 3. Nc3 Nf6 4. Bb5 Nd4 5. O-O Bb4 6. Bd3 d6 7. a3 Bc5 8. b4
Bb6 9. a4 a6 10. a5 Ba7 11. Bb2 Bg4 12. Be2 Ne6 13. d4 Bxf3 14. Bxf3 Bxd4 15.
Rb1 Ng5 16. Nd5 Bxb2 17. Rxb2 h5 18. Qd3 Ng4 19. Ra1 Ne6 20. c4 Nd4 21. b5 Kf8
22. Qa3 axb5 23. c5 Nf6 24. g3 h4 25. g4 Qd7 26. h3 Nh5 27. gxh5 Qxh3 28. Bg2
Qg4 29. Qh3 Qxh5 30. Nxc7 Rb8 31. Nxb5 Ne2+ 32. Kh2 Nf4 33. Qd7 h3 34. Bf1 Qg5
35. Qxd6+ Kg8 36. Qxb8+ Kh7 37. Qxb7 Nd3 38. Rc2 Qf4+ 39. Kxh3 Qf3+ 40. Kh4 Kg6#
0-1

[Event "Challenge"]
[Site "http://www.queenalice.com/game.php?id=1163292"]
[Date "2013.3.21"]
[Round "-"]
[White "tucuman"]
[Black "Juan72"]
[Result "0-1"]
[WhiteElo "1535"]
[BlackElo "1809"]

1. e4 c5 2. c4 Nc6 3. Nc3 g6 4. d3 f5 5. exf5 Nf6 6. fxg6 hxg6 7. h3 e6 8. Nf3
d5 9. cxd5 exd5 10. d4 c4 11. Be2 Bg4 12. Ne5 Bxe2 13. Qxe2 Nxe5 14. dxe5 Ng8
15. O-O Ne7 16. Nb5 Nf5 17. Bf4 Qb6 18. a4 O-O-O 19. Nd6+ Nxd6 20. exd6 Bxd6 21.
Bg5 Rde8 22. Qg4+ Kb8 23. Rfb1 Be5 24. a5 Qb5 25. Bf4 Rhg8 26. Bxe5+ Rxe5 27.
Qg3 d4 28. Qf3 g5 29. a6 bxa6 30. b4 c3 31. Ra5 Qe8 32. Rxe5 Qxe5 33. Qd3 Qd6
34. b5 a5 35. Qc4 Rc8 36. Qb3 d3 37. g3 c2 38. Rc1 d2 39. Rxc2 d1=Q+ 40. Kh2
Rxc2 41. Qg8+ Qd8 42. Qf7 Qf1 43. b6 Rxf2+ 44. Qxf2 Qxf2+ 45. Kh1 Qd1# 0-1